000 00823nam a2200241Ia 4500
003 OSt
005 20220923220848.0
006 a|||||r|||| 00| 0
007 ta
008 220922b |||||||| |||| 00| 0 hin d
024 _a191,516
037 _cTextual
040 _aARTS
_cARTS
_bhin
041 _2hin
_ahin
082 _aV2y7M97, 152N3
100 _aमिश्र, रामप्रताप
245 0 _aआजादी का मसीहा
_b सुभाष चन्द्र बोस
246 _aĀjādī kā masīhā: subhāṣh chandra bosa
260 _aनई दिल्ली
_b अनुराग प्रकाशन
_c1993
300 _a99पृ.
_ccm.
942 _hV2y7M97, 152N3
_cTEXL
_2CC
999 _c344223
_d344223